-
Raju,V.T and Rao, D .V .S
Entry Personal Name
Number of records used in: 1
001 - CONTROL NUMBER
003 - CONTROL NUMBER IDENTIFIER
005 - DATE AND TIME OF LATEST TRANSACTION
- control field:
20170925144801.0
008 - FIXED-LENGTH DATA ELEMENTS
- fixed length control field:
170925|| aca||aabn | a|a d
040 ## - CATALOGING SOURCE
- Original cataloging agency:
OSt
- Transcribing agency:
OSt
100 ## - HEADING--PERSONAL NAME
- Personal name:
Raju,V.T and Rao, D .V .S
670 ## - SOURCE DATA FOUND
- Source citation:
Work cat.: (OSt): Raju,V.T and Rao, D .V .S, Economics of farm Production and Management